Wszystkie państwa które używają cyrylicy nagła śmierć - Statystyki

Ogólne statystyki
  • Ten quiz został rozwiązany 69 razy
  • Średni wynik to 7 z 11
Answers on the Grid
Answers color-coded by a green-red scale on the quiz's grid according to % correct below.
Rosja
Ukraina
Czarnogóra
Serbia
Kosowo
Bułgaria
Grecja
Macedonia Północna
Chiny
Mongolia
Tadżykistan
Uzbekistan
Polska
Tajlandia
Laos
Malediwy
Komory
Mozambik
Urugwaj
Cypr
Kazachstan
Stany Zjednoczone
Malta
Norwegia
Litwa
Białoruś
Niemcy
Liechtenstein
Monako
Salwador
 
Statystyki odpowiedzi
Odpowiedź % Poprawnych
Rosja
100%
Ukraina
92%
Serbia
82%
Bułgaria
78%
Białoruś
59%
Kazachstan
49%
Czarnogóra
47%
Macedonia Północna
45%
Tadżykistan
43%
Kosowo
39%
Mongolia
20%
Nie znaleziono quizów pasujących do podanych kryteriów
Rozkład punktacji
Procent ludzi z każdym wynikiem
Percentyl według liczby udzielonych odpowiedzi
Twoja historia wyników
Nie rozwiązałeś tego quizu